000 00357nam a2200145Ia 4500
008 191201s2004 xx 000 0 und d
082 _a621.4
_bRAI
100 _aRAI, G D
245 3 _aAn Introduction to Power Plant Technology
250 _a4th
260 _aN.Delhi
_bKhanna Publisher
_c2004
300 _a1014
650 _aB.Tech(ECE)
942 _2ddc
_cBK
999 _c1398
_d1398